Jack Lowden Fimography - Statistics

General Stats
  • This quiz has been taken 4 times
  • The average score is 11 of 39
Answer Stats
Type Year Name % Correct
Film 2021 Benediction
100%
Film 2017 Dunkirk
100%
Film 2017 England Is Mine
100%
Film 2018 Mary Queen of Scots
100%
Web Mini-Series TBA Pride and Prejudice
100%
Web Series 2022-Present Slow Horses
100%
Theater 2024-2025 The Fifth Step
100%
Video Game 2016 Battlefield 1
50%
Film 2025 Ella McCay
50%
Theater 2013-2014 Ghosts
50%
Film 2014 Ghosts
50%
TV Show 2023-2025 The Gold
50%
Film 2016 Tommy's Honour
50%
TV Mini-Series 2016 War & Peace
50%
Film 2014 '71
0%
Film 2016 A United Kingdom
0%
Web Series 2010 Being Victor
0%
Theater 2010-2011 Black Watch
0%
Film 2018 Calibre
0%
Film 2020 Capone
0%
Theater 2012 Chariots of Fire
0%
Podcast 2023 David Copperfield
0%
Film 2016 Denial
0%
Theater 2014 Electra
0%
Film 2019 Fighting with My Family
0%
Film 2020 Kindred
0%
Theater 2018 Measure for Measure
0%
TV Mini-Series 2012 Mrs Biggs
0%
Film 2015 Pan
0%
Film TBA Rogue Trooper
0%
Web Mini-Series 2020 Small Axe
0%
TV Short 2016 The Dreams of Bethany Mellmoth
0%
TV Mini-Series 2018 The Long Song
0%
Web Series 2024 The Lord of the Rings: The Rings of Power
0%
TV Mini-Series 2014 The Passing Bells
0%
TV Show 2013 The Tunnel
0%
Film 2025 Tornado
0%
Film 2013 U Want Me 2 Kill Him?
0%
TV Mini-Series 2015 Wolf Hall
0%
No matching quizzes found
Score Distribution
Percent of People with Each Score
Percentile by Number Answered
Your Score History
You have not taken this quiz